000 00443nam a2200157Ia 4500
008 230917s9999||||xx |||||||||||||| ||und||
040 _e229325
_aMAIN
041 _aEnglish
082 _a624.1762 C455D(3)
100 _aChopra, Anil K
245 0 _aDynamics of structures : Theory and applications to eartuquake engineering
250 _a3rd ed.
260 _aNew Delhi
_bPearson Education
_c2015
300 _axxxiv, 876 p.
942 _cBK
999 _c179208
_d179208